Kaedah pengajaran dan pembelajaran bahasa Melayu (Record no. 109699)

MARC details
000 -LEADER
fixed length control field 00704nam a2200229 i 4500
001 - CONTROL NUMBER
control field C2-0306874
003 - CONTROL NUMBER IDENTIFIER
control field PPAK
005 - DATE AND TIME OF LATEST TRANSACTION
control field 20180728093447.0
008 - FIXED-LENGTH DATA ELEMENTS--GENERAL INFORMATION
fixed length control field 101220s2010 my a|||| ||||| | may d
020 ## - INTERNATIONAL STANDARD BOOK NUMBER
International Standard Book Number 9789679428995
040 ## - CATALOGING SOURCE
Original cataloging agency PPAK
Language of cataloging eng
Transcribing agency PPAK
Description conventions rda
082 04 - DEWEY DECIMAL CLASSIFICATION NUMBER
Classification number 499.23071
Edition number 23
090 00 - LOCALLY ASSIGNED LC-TYPE CALL NUMBER (OCLC); LOCAL CALL NUMBER (RLIN)
Classification number (OCLC) (R) ; Classification number, CALL (RLIN) (NR) 499.23071
Feature heading KAE
Feature heading G
245 00 - TITLE STATEMENT
Title Kaedah pengajaran dan pembelajaran bahasa Melayu
264 #1 - PRODUCTION, PUBLICATION, DISTRIBUTION, MANUFACTURE, AND COPYRIGHT NOTICE
Place of production, publication, distribution, manufacture Bangi, Selangor :
Name of producer, publisher, distributor, manufacturer Penerbit Universiti Kebangsaan Malaysia ,
Date of production, publication, distribution, manufacture, or copyright notice 2010
300 ## - PHYSICAL DESCRIPTION
Extent 308 pages :
Other physical details illustrations ;
Dimensions 23 cm
336 ## - CONTENT TYPE
Source rdacontent
Content type term text
337 ## - MEDIA TYPE
Source rdamedia
Media type term unmediated
338 ## - CARRIER TYPE
Source rdacarrier
Carrier type term volume
650 10 - SUBJECT ADDED ENTRY--TOPICAL TERM
Topical term or geographic name entry element Malay language - Study and teaching - Malaysia
942 ## - ADDED ENTRY ELEMENTS (KOHA)
-- dc
Koha item type Book
Holdings
Withdrawn Not for loan Current library Shelving location Date acquired Total Checkouts Total Renewals Full call number Barcode Date last seen Date last checked out Koha item type
    Perpustakaan Awam Sungai Petani Pinjaman Dewasa 30/12/2010 3 1 499.23071 KAE A01356080 14/04/2021 24/03/2021 Book
    Perpustakaan Baling Pinjaman Dewasa 30/12/2010     499.23071 KAE A01356086 09/05/2018   Book
    Perpustakaan Bandar Baharu Pinjaman Dewasa 30/12/2010     499.23071 KAE A01356087 09/05/2018   Book
    Perpustakaan Jitra Pinjaman Dewasa 30/12/2010     499.23071 KAE A01356081 09/05/2018   Book
    Perpustakaan Kuala Nerang Pinjaman Dewasa 30/12/2010     499.23071 KAE A01356088 09/05/2018   Book
    Perpustakaan Kulim Pinjaman Dewasa 30/12/2010 2 1 499.23071 KAE A01356083 02/07/2024 12/05/2024 Book
    Perpustakaan Langkawi Pinjaman Dewasa 30/12/2010     499.23071 KAE A01356082 09/05/2018   Book
    Perpustakaan Merbok Pinjaman Dewasa 30/12/2010     499.23071 KAE A01356090 09/05/2018   Book
    Perpustakaan Sik Pinjaman Dewasa 30/12/2010 1   499.23071 KAE A01356085 10/01/2021 04/01/2021 Book